Cargando…
El sol de mayo : memorias de la intervención
| Clasificación: | AC75 S3 n.197 |
|---|---|
| Autor principal: | |
| Formato: | Libro |
| Idioma: | Español |
| Publicado: |
México :
Porrúa,
1971
|
| Colección: | "Sepan Cuantos... " ;
197 |
| Temas: |
MARC
| LEADER | 00000nam a2900000 4500 | ||
|---|---|---|---|
| 001 | 000072707 | ||
| 005 | 20061219223600.0 | ||
| 008 | 010304s1971 000 spa d | ||
| 050 | 4 | |a AC75 S3 |b n.197 | |
| 090 | |a AC75 S3 |b n.197 | ||
| 100 | 1 | |a Mateos, Juan Antonio, |d 1831-1913 | |
| 245 | 1 | 3 | |a El sol de mayo : |b memorias de la intervención |
| 260 | |a México : |b Porrúa, |c 1971 | ||
| 300 | |a 347 p. | ||
| 440 | 0 | |a "Sepan Cuantos... " ; |v 197 | |
| 650 | 4 | |a México |x Historia |x Intervención francesa, 1861-1867 |x Novela | |
| 905 | |a LIBROS | ||
| 949 | |a Biblioteca UAM Iztapalapa |b Colección General |c AC75 S3 n.197 | ||